000 00445 a2200181 4500
005 20260210111431.0
008 260210b |||||||| |||| 00| 0 eng d
020 _a978939195298
_cRs. 600.00
040 _aMAIN
082 _a707
_bC449A
100 _aChitralekha Singh
245 _aArt education
260 _bPathak Publisher
_c2024
_aNew Delhi
300 _aviii, 143
650 _aVisual Art
650 _aArt- Education
942 _cBK
999 _c394767
_d394767